00780nam a2200193 a 450000100100000000500170001000800410002702000150006804000250008308200170010810000380012524501280016326000360029130000270032771000850035404900090043995201210044899900170056900002497920200930023503.0110208s1999 pe a r 000 0 spa d a9972618455 aDO-SdBNPbspacBNPHU axxxxxbN964c1 aNúñez Sánchez, Pedro95125710aCómo organizar las escuelas de padres y madres :bmanual para facilitadoras y facilitadores /cPedro Núñez Sánchez. aLima, Perú :bTarea :,c1999. a71 p. :bil. ;c28 cm.1 aServicio Ecuménico de Pastoral y Estudios de la Comunicación (SEPEC).951258 aBNGR 001054708MOaGRbGRcCTd2011-02-08iLF1l0oxxxxx N964cp24979-10r2020-06-25w2020-06-25y4ZPréstamo en sala c24472d24472